000 00346 a2200109 4500
001 ART_2261
005 20260410161724.0
008 260409a
245 1 0 _aEstrategia empresaria y dirección de producción
100 1 _aSolana, Ricardo F.
773 0 _tAdministración de empresas
_g- Año XVII, Nº 200 (nov. 1986)
_wREV2036
999 _c17234
_d17234